LEADER 01037nam 2200349 450 001 9910793790103321 005 20230802000707.0 010 $a3-8382-6052-X 035 $a(CKB)4100000008340249 035 $a(MiAaPQ)EBC5782545 035 $a(EXLCZ)994100000008340249 100 $a20190610d2012 uy 0 101 0 $ager 135 $aurcnu|||||||| 181 $ctxt$2rdacontent 182 $cc$2rdamedia 183 $acr$2rdacarrier 200 14$aDer Mensch und politiker Ju?rgen W. Mo?llemann $eEine wissenschaftliche Analyse /$fChristoph Greiner 210 1$aStuttgart :$cIbidem-Verlag,$d[2012] 210 4$dİ2012 215 $a1 online resource (367 pages) 606 $aPoliticians$zGermany$vBiography 615 0$aPoliticians 676 $a943.0879092 700 $aGreiner$b Christoph$f1975-$01541655 801 0$bMiAaPQ 801 1$bMiAaPQ 801 2$bMiAaPQ 906 $aBOOK 912 $a9910793790103321 996 $aDer Mensch und politiker Ju?rgen W. Mo?llemann$93794002 997 $aUNINA